000
00331nam a2200133Ia 4500
008
240624s9999 xx 000 0 und d
041
_a
eng
082
_a
005.746 DRO
100
_a
DROZDEK ADAM
245
_a
ELEMENTS OF DATA COMPRESSION
260
_c
2002
_a
Singapore
_b
Thomson Asia
300
_a
xii, : 221 : cm. ; 24
365
_c
RS
999
_c
1955
_d
1955